1054 1030 1338 1293 1900 1251 1067 1712 1122 1033 1090 1199 1736 1083 1010 1100 1390 1700 1662 1135 1969 1870 1404 1539 1940 1494 1487 1669 1644 1491 1829 1720 1722 1948 1412 1946 1469 1417 1395 1399 1529 1365 1587 1238 1788 1887 1321 1835 1026 1426 1866 1820 1186 1206 1192 1917 1499 1737 1317 1317 1705 1721 1810 1068 1338 1274 1866 1537 1330 1633 1350 1244 1832 1936 1957 1253 1456 1687 1529 1101 1249 1070 1469 1166 1352 1322 1349 1552 1547 1330 1740 1164 1558 1462 1606 1955 1940 1970 1634 BCNSPRNW ULIB Ver.6.0+V

เปลี่ยนเป็นภาษาไทย

Change to English
 แสดงรายละเอียดบรรณานุกรม
  กลับหน้าหลัก

Brief Record : Get Marc (ISO 2709) : E-mail record : QR code < ปิดหน้าต่าง
LEADER : 00000nam 2200000uu 4500
001    13399121156
003     ULIB
008    121107s2554||||th 000 0 tha d
020    ^a9789747533941
060 04 ^aWC100^bU66
245 00 ^aUpdate on pediatric infectious diseases 2012 /^cบรรณาธิการ
246 30 ^aPediatric infectious diseases 2012
250    ^aพิมพ์ครั้งที่ 1
260    ^aกรุงเทพฯ :^bสมาคมโรคติดเชื้อในเด็กแห่งประเทศไทย,^c2554
300    ^axi, 278 หน้า :^bภาพประกอบ ;^c28 ซม.
650  4 ^aกุมารเวชศาสตร์
650  4 ^aเด็ก^xโรค^xการรักษา
650  4 ^aโรคติดต่อ^xในวัยทารกและวัยเด็ก
650  4 ^aโรคติดต่อเชื้อ, การควบคุม
700 0  ^aพิรังกูร เกิดพานิช,^eบรรณาธิการ
700 0  ^aวีระชัย วัฒนาวีรเดช,^eบรรณาธิการ
700 0  ^aทวี โชติพิทยสุนนท์,^eบรรณาธิการ
710 2  ^aสมาคมโรคติดเชื้อในเด็กแห่งประเทศไทย
945    ^p400^l0^i032967
945    ^p400^l0^i032968
945    ^p400^l0^i033814
945    ^p400^l0^i033815
995    ^aเกษร
999    ^aใช้งานได้ทุกระบบ
รายการนี้ยังไม่มีแท็ก
คุณยังไม่ได้ล็อกอิน คุณสามารถมีกิจกรรมร่วมกับเว็บไซต์ได้ แต่ต้องล็อกอินก่อน ::
  ล็อกอิน

รายการสื่อสารสนเทศ

ลำดับที่ ประเภท เลขเรียก/บาร์โค้ด สถานที่ สถานะ
1. วิทยาศาสตร์การแพทย์ และสุขภาพ
หนังสือสำรอง
สถานะ=หนังสือสำรอง
WC100 U66 ฉ.1 
  Barcode: 032967
ห้องสมุดวิทยาเขตสวรรค์ประชารักษ์
►ส่วนจัดเก็บหนังสือเก่า สปร
บนชั้น
  ขอยืม
2. วิทยาศาสตร์การแพทย์ และสุขภาพ
วิทยาศาสตร์การแพทย์ และสุขภาพ
WC100 U66 ฉ.2 
  Barcode: 032968
ห้องสมุดวิทยาเขตสวรรค์ประชารักษ์
►ส่วนจัดเก็บหนังสือเก่า สปร
บนชั้น
  ขอยืม
3. วิทยาศาสตร์การแพทย์ และสุขภาพ
วิทยาศาสตร์การแพทย์ และสุขภาพ
WC100 U66 ฉ.3 
  Barcode: 033814
ห้องสมุดวิทยาเขตสวรรค์ประชารักษ์
►ส่วนจัดเก็บหนังสือเก่า สปร
บนชั้น
  ขอยืม
4. วิทยาศาสตร์การแพทย์ และสุขภาพ
วิทยาศาสตร์การแพทย์ และสุขภาพ
WC100 U66 ฉ.4 
  Barcode: 033815
ห้องสมุดวิทยาเขตสวรรค์ประชารักษ์
►ส่วนจัดเก็บหนังสือเก่า สปร
บนชั้น
  ขอยืม

รายการใกล้เคียง
    หัวเรื่อง [กุมารเวชศาสตร์]
    หัวเรื่อง [โรคติดต่อเชื้อ, การควบคุม]

BibComment


ยังไม่เคยถูกคอมเมนท์

คอมเมนท์ทรัพยากรรายการนี้
  คอมเมนท์: Update on pediat..


 Copyright 2026. Bcnsprnw @Library